000 01520nam a2200361 c 4500
999 _c137266
_d137266
003 BLK
005 20200312130118.0
008 180409b bul|||||r ||||||| ||bul||
010 _aKNG00143232000
020 _a978-954-8630-46-7
040 _aBLK
041 _aBUL
_cBUL
072 7 _2bullib
_aН91
_xГеография Н
080 _aГеография на Европа
_b913(4)
_x(079)(075)
_z913(4)(079)(075)
100 1 _aИванов, Анко Илиев
_eпърви автор
_9253907
139 _aИванов, Анко Илиев
_bИ 21
245 1 0 _aГеографските тестове
_bСъщност, специфика и практика на геогр. тестиране : Уч. помагало за учители, кандидат-студенти и студенти
_cАнко Илиев Иванов.
257 _aBGR
260 _bДелфи
_c2012
_fПерник : Съперник-98
300 _a296 с.
_bс ил., к.
_c24 см
380 _a91
500 _aКратък речник по тестология. - Библиогр. с. 292-295.
650 4 _aГеография - тестове - учебници и учебни помагала
_9325764
653 _aгеография
653 _aтестове
653 _aучебници
659 _aН
852 _aЦб 259585
856 4 _qpdf
856 4 _qpdf
942 _cKNG
_n0
_01
_s1
944 _aCR
_c29.05.2013
_lф /
_kПенка_Димитрова
944 _aED
_c04.10.2013
_lф /
999 _d137266